City marketing ako prostriedok motivácie k návšteve mesta

Príspevok ukazuje, ako môže mesto vplývať na návštevnosť použitím iniciatív mestského marketingu v cestovnom ruchu. City marketing mesta Komárno - príklad.

Enregistré dans:
Détails bibliographiques
Auteur principal: Šeben, Zoltán
Format: Chapitre de livre
Langue:slovaque
Sujets:
Tags: Ajouter un tag
Pas de tags, Soyez le premier à ajouter un tag!

MARC

LEADER 00000naa$a2200000$$$4500
001 0104897
005 20240502072143.2
041 0 |a slo 
044 |a SK 
245 1 0 |a City marketing ako prostriedok motivácie k návšteve mesta  |c Zoltán Šeben 
520 |a Príspevok ukazuje, ako môže mesto vplývať na návštevnosť použitím iniciatív mestského marketingu v cestovnom ruchu. City marketing mesta Komárno - príklad. 
610 2 0 |a marketing 
610 2 0 |a mestá 
610 2 0 |a imidž 
610 2 0 |a propagácia 
100 1 |a Šeben, Zoltán